| 000 | 00448nam a22001577a 4500 | ||
|---|---|---|---|
| 005 | 20240506091252.0 | ||
| 008 | 240506b |||||||| |||| 00| 0 eng d | ||
| 041 | _aEnglish | ||
| 082 | _a349 LAW | ||
| 100 | _lEnglish | ||
| 245 | _aThe Law Reports : King's Bench Division | ||
| 260 |
_aLondon: _bTHE COUNCIL, _c1949 |
||
| 300 |
_bxiii, 741 pages; _c25 cm. |
||
| 650 |
_aLegal practice _bLaw |
||
| 942 |
_cBK _6ALISON_BN_VRIES |
||
| 999 |
_c1609 _d1609 |
||